Hava taşıtları imalat sanayii özel ihtisas komisyonu raporu (Record no. 355)

MARC details
000 -BAŞLIK
Sabit Uzunlukta Kontrol Alanı 01063na a2200313 4500
001 - KONTROL NUMARASI
Denetim Alanı 17739
003 - KONTROL NUMARASI IDENTIFIER
Denetim Alanı MIRAKIL
005 - SON İŞLEM TARİHİ VE ZAMANI
Denetim Alanı 20181213154746.0
008 - SABİT-BOY VERİ ELEMANLARI - GENEL BİLGİLER
Sabit Uzunlukta Kontrol Alanı 161104b tu 000 0
020 ## - ULUSLARARASI STANDART KİTAP NUMARASI
Uluslararası Standart Kitap Numarası 9751925681
040 ## - KATALOGLAMA KAYNAK
Orijinal Kataloglama Ajansı Milas
Kataloglama Dili tur
Metne Dönüştürmek Ajansı TR-AnCHP
041 ## - DİL KODU
Metin / Ses Parça Veya Ayrı Başlığın Dil Kodu tur
082 ## - DEWEY ONLU SINIFLANDIRMA NUMARASI
Sınıflandırma Numarası 338.93877
Ürün Numarası H28 2001
090 ## - SINIFLAMA NUMARASI
Sınıflama Numarası 338.93877 H28 2001
245 ## - BAŞLIK TABLOSU
Başlık Hava taşıtları imalat sanayii özel ihtisas komisyonu raporu
Sorumluluk Tablosu, Vb Devlet Planlama Teşkilatı
246 ## - UNVAN FORM VARYING
Başlık Doğru / Kısa Başlığı Hava taşıtları imalat sanayii
260 ## - YAYIN, DAĞITIM, VB
Yayın, Dağıtım, Vb Yeri Ankara
Yayıncı, Dağıtıcı, Vs Adı DPT
Yayın, Dağıtım, Vb Tarihi 2001
300 ## - FİZİKSEL TANIM
Kapsam 41 s.
Diğer Fiziksel Ayrıntıları diagram
Boyutlar 27 sm.
440 ## - SERİSİ TABLOSU / KATMA GİRİŞİ - BAŞLIK
Başlık DPT
Hacim / Ardışık Tanımı 2539
490 ## - SERİSİ TABLOSU
Seri Beyanı ÖİK
Hacim / Ardışık Tanımı 555
500 ## - GENEL NOT
Genel Not Sekizinci beş yıllık kalkınma planı özel ihtisas komisyonu raporu
610 ## - KONU KATMA GİRİŞ - TOPLANTI ADI
Giriş Elemanı Olarak Kurumsal Ad Veya Yargı Alanı Adı Devlet Planlama Teşkilatı (DPT)
650 ## - KONU KATMA GİRİŞ - TOPİKAL DÖNEM
Topikal Süreli Veya Coğrafi Ad Giriş Elemanı Hava taşımacılığı
Genel Alt Bölümü Kalkınma planı, 2001
Kronolojik Alt Bölümü Raporlar
651 ## - KONU KATMA GİRİŞ - COĞRAFİ ADI
Coğrafi İsim Türkiye
Genel Alt Bölümü Beş yıllık kalkınma planları
710 ## - KATMA GİRİŞ - KURUMSAL ADI
Giriş Elemanı Olarak Kurumsal Ad Veya Yargı Alanı Adı Devlet Planlama Teşkilatı (DPT)
740 ## - KATMA GİRİŞ - KONTROLSUZ İLGİLİ / ANALİTİK BAŞLIK
Kontrol Edilmeyen / İlgili Analitik Başlıktaki Hava taşıtları imalat sanayii
830 ## - SERİSİ EKLENDİ GİRİŞ - ÜNİFORM ADI
Üniforma Başlık Devlet Planlama Teşkilatı Yayınları
942 ## - EKLENDİ GİRİŞ ELEMANLARI (KOHA)
Sınıflandırma Veya Raf Düzeni Kaynak Dewey Decimal Classification
Koha Öğesi Türü Books
999 ## - SİSTEM KONTROL NUMARALARI (KOHA)
Koha Biblionumber 355
Koha Biblioitemnumber 355
Holdings
Kalıcı Konum Mevcut Konum Edinme Tarihi Edinim Kaynak Toplam Check-Out'Lar Tam Çağrı Numarası Barkod Tarih Son Görülme İtibaren Geçerli Fiyatlar Koha Öğesi Türü Kopya Sayısı
CHP Kütüphanesi CHP Kütüphanesi 11/03/2016 Bağış   338.93877 H28 2001 008284 11/03/2016 11/03/2016 Books  
CHP Kütüphanesi CHP Kütüphanesi 01/05/2017 Bağış   338.93877 H28 2001 010924 01/05/2017 01/05/2017 Books k.2